000 00897nam a2200265Ia 4500
003 GCL
005 20240530095621.0
008 140319s9999 xx 000 0 ara d
040 _aGCL /
_cGCL
082 0 4 _a933.05
_bا ق
100 1 _aاحمد الصاوى
245 1 0 _aالقدس :
_bمقدسات لا تمحى و اثار تتحدى /
_cاحمد الصاوى
250 _aالاولى
260 _aالقاهرة :
_bمركز الاعلام العربى ،
_c2003
300 _a247 ص ؛
_c24 سم
490 _aكتاب القدس
_v20
650 0 4 _aشواهد القبور
650 0 4 _aالكنائس - القدس
650 0 4 _aالقدس - الاثار الاسلامية
650 0 4 _aالاثار المسيحية - القدس
650 0 4 _aالمساجد - آثار
650 0 4 _aالقباب - القدس
650 0 4 _aالمقابر - عمارة
942 _2ddc
_cBK
999 _c8876
_d8876